UK total office occupancy costs (Record no. 83344)

MARC details
000 -LEADER
fixed length control field 00906cad a22002055a 4500
001 - CONTROL NUMBER
control field L153629
008 - FIXED-LENGTH DATA ELEMENTS--GENERAL INFORMATION
fixed length control field 110811s2011 xxk 000 0 eng d
035 ## - SYSTEM CONTROL NUMBER
System control number (Sirsi) u153629
041 0# - LANGUAGE CODE
Language code of text/sound track or separate title eng
110 2# - MAIN ENTRY--CORPORATE NAME
Corporate name or jurisdiction name as entry element BNP Paribas Real Estate
9 (RLIN) 5715
245 00 - TITLE STATEMENT
Title UK total office occupancy costs
Remainder of title July 2011
260 ## - PUBLICATION, DISTRIBUTION, ETC.
Date of publication, distribution, etc. 2011
490 #0 - SERIES STATEMENT
Series statement BNP Paribas Real Estate UK Total Office Occupancy Costs
Volume/sequential designation July 2011-
520 ## - SUMMARY, ETC.
Summary, etc. Provides a high level view of rents, rates and service charges for grade A offices in 50 locations across the UK excluding Northern Ireland.
590 ## - LOCAL NOTE (RLIN)
Local note KA NTK
650 24 - SUBJECT ADDED ENTRY--TOPICAL TERM
Topical term or geographic name entry element BNP PARIBAS REAL ESTATE UK TOTAL OFFICE OCCUPANCY COSTS
651 #4 - SUBJECT ADDED ENTRY--GEOGRAPHIC NAME
Geographic name United Kingdom
Chronological subdivision
856 40 - ELECTRONIC LOCATION AND ACCESS
Uniform Resource Identifier <a href="https://www.realestate.bnpparibas.co.uk/pages/etudes_sectorielles/resultrecherche_uk.php?s_wbg_menu=538&p=gb&l=en&t=defaut&toutes=1">https://www.realestate.bnpparibas.co.uk/pages/etudes_sectorielles/resultrecherche_uk.php?s_wbg_menu=538&p=gb&l=en&t=defaut&toutes=1</a>
Public note View the item free of charge at www.realestate.bnpparibas.co.uk
942 ## - ADDED ENTRY ELEMENTS (KOHA)
Suppress in OPAC 0
Holdings
Withdrawn status Lost status Source of classification or shelving scheme Damaged status Not for loan Home library Current library Shelving location Date acquired Total Checkouts Full call number Barcode Date last seen Copy number Price effective from Koha item type
    Dewey Decimal Classification     Virtual Virtual Online 11/08/2011   ONLINE PUBLICATION 153629-2001 06/08/2019 1 06/08/2019 Book